00274nam a2200109Ia 4500008004100000020001800041082001400059100003400073245002900107260001000136500001800146260604s9999 xx 000 0 und d a9780603570353 a808.3 EDW aDean International Publishing 0aMy Naughty Little Sister bSHREE aLittle Sister